Autodesk Revit 2018 Structure Fundamentals
Guardat en:
| Autor corporatiu: | |
|---|---|
| Format: | Desconegut |
| Idioma: | anglès |
| Publicat: |
Charlottesville
Ascent
2017
|
| Matèries: | |
| Etiquetes: |
Afegir etiqueta
Sense etiquetes, Sigues el primer a etiquetar aquest registre!
|
MARC
| LEADER | 00000 a2200000 4500 | ||
|---|---|---|---|
| 003 | CL-VaPUC | ||
| 005 | 20201014125137.0 | ||
| 008 | 200318b ||||| |||| 00| 0 eng d | ||
| 999 | |c 422740 |d 422738 | ||
| 020 | |a 9781946571557 | ||
| 040 | |c Pontificia Universidad Católica de Valparaíso | ||
| 082 | 0 | 4 | |a 005.133 ASC 2017 |
| 110 | 1 | |a Ascent |9 737684 | |
| 245 | 1 | 0 | |a Autodesk Revit 2018 Structure Fundamentals |
| 260 | |b Ascent |c 2017 |a Charlottesville | ||
| 300 | |a p.i | ||
| 583 | |k Hugo Gaete |c 20200318 | ||
| 650 | 0 | 0 | |a Diseño asistido por computador |9 299932 |
| 650 | 0 | 0 | |a DIBUJO ESTRUCTURAL |9 426951 |
| 650 | 0 | 0 | |a DIBUJO EN INGENIERIA |9 737689 |
| 942 | |2 ddc |c BK | ||
| 952 | |0 0 |1 0 |2 ddc |4 0 |6 005_133000000000000_ASC_2017 |7 0 |8 A |9 561619 |a BIBING |b BIBING |c GEN |d 2020-03-16 |e 1 |g 46005.00 |i 5574145 |o 005.133 ASC 2017 |p 5574145 |r 2025-01-20 |t 2 |v 46005.00 |w 2020-03-16 |y BK |k CIC | ||
| 952 | |0 0 |1 0 |2 ddc |4 0 |6 005_133000000000000_ASC_2017 |7 0 |8 A |9 561620 |a BIBING |b BIBING |c GEN |d 2020-03-16 |e 1 |g 46005.00 |i 5574153 |o 005.133 ASC 2017 |p 5574153 |r 2025-01-20 |t 1 |v 46005.00 |w 2020-03-16 |y BK |k CIC | ||